[Event "Wch Juvenil 2013 sub-18"]
[Site "Al-Ain UAE"]
[Date "2013.12.19"]
[Round "2.27"]
[White "Martinez Maya, Steven"]
[Black "Anton Guijarro, David"]
[Result "1/2-1/2"]
[BlackElo "2558"]
[PlyCount "99"]
[EventDate "2013.12.19"]
[EventType "swiss"]
[EventRounds "11"]
[EventCountry "UAE"]
[Source "lmi"]
[SourceDate "2013.12.19"]
[WhiteElo "2065"]

1. e4 c5 2. Nf3 Nc6 3. d4 cxd4 4. Nxd4 Nf6 5. Nc3 d6 6. Bg5 Qb6 7. Nb3 e6 8.
Bxf6 gxf6 9. Qh5 Bd7 10. Bd3 Ne5 11. Rd1 Be7 12. Be2 O-O-O 13. O-O Ng6 14. Bb5
Bxb5 15. Qxb5 Qxb5 16. Nxb5 a6 17. Nc3 Ne5 18. Nd4 Kb8 19. b3 Rc8 20. Nce2 b5
21. c3 Nd7 22. Rc1 h5 23. Rfd1 h4 24. Rf1 Bf8 25. Rcd1 Nb6 26. Rd3 Ka7 27. Rfd1
Nd7 28. f3 Rh5 29. Ra1 Nb6 30. Kf2 d5 31. Nf4 dxe4 32. fxe4 Rhc5 33. Nde2 Re5
34. Kf3 f5 35. exf5 Rxf5 36. g4 hxg3 37. hxg3 Rg5 38. Rad1 Rc7 39. g4 Bc5 40.
Ng3 Be7 41. Ne4 Rg8 42. Rh1 Nd7 43. Rh5 f5 44. gxf5 Ne5+ 45. Ke3 exf5 46. Rxf5
Nxd3 47. Kxd3 Bd8 48. Nc5 Rcg7 49. Kd4 Rg1 50. Nfd3 1/2-1/2

[Event "Wch Juvenil 2013 sub-18"]
[Site "Al-Ain UAE"]
[Date "2013.12.19"]
[Round "2.28"]
[White "Olund, Joar"]
[Black "Abasov, Nijat"]
[Result "1/2-1/2"]
[WhiteElo "2236"]
[BlackElo "2510"]
[PlyCount "53"]
[EventDate "2013.12.19"]
[EventType "swiss"]
[EventRounds "11"]
[EventCountry "UAE"]
[Source "lmi"]
[SourceDate "2013.12.19"]

1. d4 Nf6 2. c4 e6 3. Nf3 b6 4. g3 Bb7 5. Bg2 Be7 6. O-O O-O 7. Nc3 Ne4 8. Qc2
Nxc3 9. Qxc3 c5 10. b3 Bf6 11. Bb2 d5 12. Qc2 Na6 13. dxc5 Nxc5 14. cxd5 Bxd5
15. Bxf6 Qxf6 16. Nd2 Rfd8 17. Rac1 g6 18. b4 Bxg2 19. Kxg2 Qd4 20. bxc5 Qxd2
21. cxb6 axb6 22. Rfd1 Qa5 23. Qc7 Rxd1 24. Rxd1 Qxa2 25. Rd8+ Rxd8 26. Qxd8+
Kg7 27. Qxb6 1/2-1/2

[Event "Wch Juvenil 2013 sub-18"]
[Site "Al-Ain UAE"]
[Date "2013.12.19"]
[Round "2.29"]
[White "Dolnak, Michal"]
[Black "Bortnyk, Olexandr"]
[Result "1/2-1/2"]
[WhiteElo "2164"]
[BlackElo "2474"]
[PlyCount "81"]
[EventDate "2013.12.19"]
[EventType "swiss"]
[EventRounds "11"]
[EventCountry "UAE"]
[Source "lmi"]
[SourceDate "2013.12.19"]

1. d4 f5 2. Nf3 Nf6 3. g3 d6 4. b3 g6 5. Bg2 Bg7 6. Bb2 O-O 7. O-O Ne4 8. Nbd2
c5 9. c4 Nc6 10. e3 Qa5 11. Nxe4 fxe4 12. Ne1 cxd4 13. exd4 d5 14. cxd5 Qxd5
15. Nc2 Bf5 16. Re1 Rad8 17. g4 Be6 18. Rxe4 Qd7 19. Qe2 Bd5 20. Re3 Bxg2 21.
Kxg2 Rf4 22. f3 Qd5 23. Re4 Rdf8 24. Rf1 e6 25. h3 h5 26. Bc1 Qxe4 27. fxe4
Rxf1 28. Qxf1 Rxf1 29. Kxf1 hxg4 30. hxg4 Bxd4 31. Ke2 Kf7 32. Nxd4 Nxd4+ 33.
Ke3 Nc2+ 34. Kd2 Nb4 35. a3 Nc6 36. Bb2 a6 37. Kd3 Ke7 38. a4 Kd6 39. g5 b5 40.
axb5 axb5 41. Bd4 1/2-1/2

[Event "Wch Juvenil 2013 sub-18"]
[Site "Al-Ain UAE"]
[Date "2013.12.19"]
[Round "2.30"]
[White "Goryachkina, Aleksandra"]
[Black "Badalyan, Shavarsh"]
[Result "1-0"]
[WhiteElo "2428"]
[BlackElo "2077"]
[PlyCount "41"]
[EventDate "2013.12.19"]
[EventType "swiss"]
[EventRounds "11"]
[EventCountry "UAE"]
[Source "lmi"]
[SourceDate "2013.12.19"]

1. d4 Nf6 2. c4 e6 3. Nf3 b6 4. g3 Bb7 5. Bg2 Be7 6. Nc3 Ne4 7. Bd2 Bf6 8. O-O
O-O 9. Rc1 c5 10. dxc5 bxc5 11. Qb3 Qb6 12. Rfd1 Rd8 13. Bf4 d6 14. Qc2 Nxc3
15. bxc3 Na6 16. Rb1 Qc6 17. Rxd6 Rxd6 18. Bxd6 Qd7 19. Bf4 Rc8 20. Nd2 Bxg2
21. Kxg2 1-0

[Event "Wch Juvenil 2013 sub-18"]
[Site "Al-Ain UAE"]
[Date "2013.12.19"]
[Round "2.31"]
[White "Srbis, Jurica"]
[Black "Pon, Matt"]
[Result "1-0"]
[WhiteElo "2399"]
[BlackElo "2006"]
[PlyCount "89"]
[EventDate "2013.12.19"]
[EventType "swiss"]
[EventRounds "11"]
[EventCountry "UAE"]
[Source "lmi"]
[SourceDate "2013.12.19"]

1. e4 e5 2. Nf3 Nc6 3. Bc4 Bc5 4. O-O d6 5. c3 Nf6 6. d3 a6 7. Bb3 O-O 8. Re1
h6 9. Nbd2 Ba7 10. Nf1 Na5 11. Bc2 c5 12. Ne3 Nc6 13. h3 Re8 14. Nh2 Be6 15.
Nhg4 Nh7 16. Nf5 h5 17. Nge3 g6 18. Qf3 Qf6 19. Qg3 Rad8 20. Bb3 Kh8 21. Nh4
Rg8 22. Nd5 Qg7 23. Bg5 Rd7 24. Be3 Na5 25. Bd1 Nc6 26. f4 Bxd5 27. exd5 Ne7
28. fxe5 dxe5 29. c4 b6 30. Bd2 Bb8 31. Bc3 f6 32. Qf2 Rdd8 33. Re3 Rgf8 34.
Be2 Bd6 35. Rf1 Kg8 36. Rg3 Ng5 37. Qe3 Kh7 38. Bf3 Rde8 39. Be4 Rf7 40. Qe2
Nxe4 41. dxe4 Qf8 42. Bd2 Qg7 43. Nxg6 Qxg6 44. Rxg6 Kxg6 45. Qf3 1-0

[Event "Wch Juvenil 2013 sub-18"]
[Site "Al-Ain UAE"]
[Date "2013.12.19"]
[Round "2.32"]
[White "Loiseau, Quentin"]
[Black "Mejak, Severin"]
[Result "1-0"]
[WhiteElo "2388"]
[BlackElo "2104"]
[PlyCount "135"]
[EventDate "2013.12.19"]
[EventType "swiss"]
[EventRounds "11"]
[EventCountry "UAE"]
[Source "lmi"]
[SourceDate "2013.12.19"]

1. d4 d5 2. c4 e6 3. Nc3 Be7 4. Nf3 Nf6 5. Bg5 O-O 6. e3 h6 7. Bh4 Ne4 8. Bxe7
Qxe7 9. Rc1 c6 10. Bd3 Nxc3 11. Rxc3 dxc4 12. Bxc4 Nd7 13. Qc2 b6 14. Bd3 c5
15. Bh7+ Kh8 16. Be4 Rb8 17. O-O a5 18. Bc6 cxd4 19. Nxd4 Nc5 20. Nb3 Qd6 21.
Nxc5 bxc5 22. Bf3 Bb7 23. Bxb7 Rxb7 24. Rc1 Rc8 25. h3 Rb5 26. b3 a4 27. bxa4
Ra5 28. Rd1 Qc6 29. Rcd3 Qe8 30. Rd7 Rca8 31. R1d6 Rxa4 32. Qxc5 Rxa2 33. Qc7
Rc8 34. Qb6 Raa8 35. Qd4 Kg8 36. Qh4 Qf8 37. Kh2 Re8 38. Rd4 Qc5 39. Rg4 Qe5+
40. f4 Qf5 41. e4 Qh7 42. Qf6 Rf8 43. Qd4 Ra5 44. Rg3 h5 45. h4 Qh6 46. e5 g6
47. f5 exf5 48. e6 Qg7 49. Qb6 Re5 50. exf7+ Kh7 51. Rd6 Re4 52. Rgxg6 Qe5+ 53.
Kh3 Rxh4+ 54. Kxh4 Qh2+ 55. Kg5 Qg3+ 56. Kxh5 Qh2+ 57. Kg5 Qg3+ 58. Kxf5 Rxf7+
59. Rgf6 Qg6+ 60. Kf4 Qh6+ 61. Kf3 Qh5+ 62. Kf2 Qh4+ 63. Kf1 Qh1+ 64. Qg1 Qh5
65. Rxf7+ Qxf7+ 66. Qf2 Qc4+ 67. Kg1 Qc1+ 68. Kh2 1-0

[Event "Wch Juvenil 2013 sub-18"]
[Site "Al-Ain UAE"]
[Date "2013.12.19"]
[Round "2.33"]
[White "Vanagas, Tadas"]
[Black "Izzat, Kanan"]
[Result "0-1"]
[WhiteElo "2116"]
[BlackElo "2385"]
[PlyCount "86"]
[EventDate "2013.12.19"]
[EventType "swiss"]
[EventRounds "11"]
[EventCountry "UAE"]
[Source "lmi"]
[SourceDate "2013.12.19"]

1. d4 Nf6 2. c4 g6 3. Nc3 d5 4. Qb3 dxc4 5. Qxc4 Bg7 6. Nf3 O-O 7. e4 a6 8. e5
b5 9. Qb3 Nfd7 10. Be3 c5 11. dxc5 Nxe5 12. Nxe5 Bxe5 13. Be2 Be6 14. Qc2 Nc6
15. Rd1 Qc7 16. h3 Rad8 17. O-O Bf5 18. Qc1 Nd4 19. b4 Rd7 20. Bxd4 Bxd4 21.
Bf3 Rfd8 22. a4 Bxc3 23. Qxc3 bxa4 24. Rxd7 Bxd7 25. Rd1 Bb5 26. Rxd8+ Qxd8 27.
Qe5 a3 28. Bd5 h5 29. Kh2 e6 30. Bb3 Qd3 31. Qb8+ Kg7 32. Qe5+ Kf8 33. Qb8+ Kg7
34. Qe5+ Kh7 35. Qf4 Qf5 36. Qd4 Bc6 37. h4 Qg4 38. Qxg4 hxg4 39. Kg3 Kg7 40.
Kxg4 Kf6 41. Kf4 Bd5 42. Bxd5 exd5 43. c6 Ke6 0-1

[Event "Wch Juvenil 2013 sub-18"]
[Site "Al-Ain UAE"]
[Date "2013.12.19"]
[Round "2.34"]
[White "Jacobsen, Fredrik Beer"]
[Black "Mons, Leon"]
[Result "0-1"]
[WhiteElo "1966"]
[BlackElo "2428"]
[PlyCount "76"]
[EventDate "2013.12.19"]
[EventType "swiss"]
[EventRounds "11"]
[EventCountry "UAE"]
[Source "lmi"]
[SourceDate "2013.12.19"]

1. e4 e5 2. Nf3 Nc6 3. d4 exd4 4. Bc4 Nf6 5. e5 d5 6. Bb5 Ne4 7. Nxd4 Bc5 8.
Be3 Bd7 9. Bxc6 bxc6 10. O-O O-O 11. f3 Ng5 12. f4 Ne4 13. Nd2 f5 14. Kh1 Qe7
15. c3 Bb6 16. Qe2 c5 17. N4b3 Rab8 18. Nxe4 fxe4 19. Rad1 c4 20. Nd4 Ba4 21.
Rd2 Kh8 22. Bg1 Rb7 23. g4 Bd7 24. h3 Rbb8 25. Bh2 c5 26. Nc2 Bc6 27. Kg1 d4
28. cxd4 cxd4 29. Nxd4 Rfd8 30. Rfd1 Rxd4 31. Rxd4 Rd8 32. Qf2 Rxd4 33. Rxd4 e3
34. Qxe3 Qd7 35. Rxd7 Bxe3+ 36. Kf1 Bxd7 37. f5 Bd4 38. e6 Bb5 0-1

[Event "Wch Juvenil 2013 sub-18"]
[Site "Al-Ain UAE"]
[Date "2013.12.19"]
[Round "2.36"]
[White "Iyti, Basher"]
[Black "Du Toit, Stefan"]
[Result "1-0"]
[WhiteElo "2269"]
[BlackElo "1822"]
[PlyCount "47"]
[EventDate "2013.12.19"]
[EventType "swiss"]
[EventRounds "11"]
[EventCountry "UAE"]
[Source "lmi"]
[SourceDate "2013.12.19"]

1. Nf3 Nf6 2. g3 g6 3. b3 Bg7 4. Bb2 d5 5. c4 c6 6. Bg2 O-O 7. O-O Bg4 8. d3
Nbd7 9. Nbd2 Re8 10. Qc2 e5 11. h3 Bxf3 12. exf3 Qb6 13. Rac1 h5 14. h4 Rad8
15. Rfe1 Bh6 16. Re2 Nc5 17. cxd5 Rxd5 18. f4 Nxd3 19. Bxd5 Nxc1 20. Qxg6+ Bg7
21. Bxf7+ Kh8 22. Bxc1 Qc5 23. Nc4 Re7 24. Ba3 1-0

[Event "Wch Juvenil 2013 sub-18"]
[Site "Al-Ain UAE"]
[Date "2013.12.19"]
[Round "2.37"]
[White "Grandadam, Patrik"]
[Black "Meisch, Tanguy"]
[Result "1-0"]
[WhiteElo "2243"]
[BlackElo "1810"]
[PlyCount "65"]
[EventDate "2013.12.19"]
[EventType "swiss"]
[EventRounds "11"]
[EventCountry "UAE"]
[Source "lmi"]
[SourceDate "2013.12.19"]

1. Nf3 Nf6 2. c4 e6 3. g3 c5 4. Bg2 Nc6 5. O-O d5 6. cxd5 exd5 7. d4 b6 8. Nc3
Be7 9. Bg5 Be6 10. Rc1 O-O 11. dxc5 bxc5 12. Na4 c4 13. Nd4 Nxd4 14. Qxd4 h6
15. Bf4 Qa5 16. Nc3 Bc5 17. Qd2 Bb6 18. Be5 Nd7 19. Bd4 Rad8 20. Rfd1 Rfe8 21.
h3 Bc7 22. Nxd5 Bxd5 23. Qxa5 Bxa5 24. Bxd5 Rxe2 25. Bxc4 Re7 26. Bxa7 Ne5 27.
Rxd8+ Bxd8 28. Be3 Rb7 29. Bd5 Rd7 30. Be4 Kf8 31. b4 Ke7 32. Bc5+ Ke6 33. Re1
1-0

[Event "Wch Juvenil 2013 sub-18"]
[Site "Al-Ain UAE"]
[Date "2013.12.19"]
[Round "2.38"]
[White "Thorpe, Thomas"]
[Black "Klabis, Rokas"]
[Result "0-1"]
[WhiteElo "1897"]
[BlackElo "2239"]
[PlyCount "88"]
[EventDate "2013.12.19"]
[EventType "swiss"]
[EventRounds "11"]
[EventCountry "UAE"]
[Source "lmi"]
[SourceDate "2013.12.19"]

1. e4 d6 2. Nc3 Nf6 3. f4 e5 4. Nf3 Nbd7 5. Bc4 Be7 6. O-O O-O 7. d3 c6 8. Kh1
b5 9. Bb3 Qc7 10. Ne2 Nc5 11. Ng3 a5 12. c3 Nxb3 13. axb3 c5 14. h3 Re8 15. f5
d5 16. Bg5 Bb7 17. Bxf6 Bxf6 18. Qe2 Qb6 19. Nh5 c4 20. bxc4 bxc4 21. dxc4 dxe4
22. Nd2 e3 23. c5 Qxc5 24. Qg4 Kf8 25. Nxg7 Bxg7 26. f6 Bh8 27. Qg5 Re6 28.
Qh6+ Ke8 29. Qxh7 Bxf6 30. Ne4 Qc6 31. Nxf6+ Rxf6 32. Qg8+ Ke7 33. Qg5 Qe6 34.
Rae1 Rh8 35. Rxe3 Rxh3+ 36. Rxh3 Qxh3+ 37. Kg1 Qxg2+ 38. Qxg2 Bxg2 39. Re1 Rf1+
40. Rxf1 Bxf1 41. Kxf1 Kd6 42. Ke2 Kc5 43. b3 f5 44. Ke3 Kb5 0-1

[Event "Wch Juvenil 2013 sub-18"]
[Site "Al-Ain UAE"]
[Date "2013.12.19"]
[Round "2.39"]
[White "Rygg, Snorre"]
[Black "Drnovsek, Gal"]
[Result "0-1"]
[WhiteElo "1838"]
[BlackElo "2232"]
[PlyCount "116"]
[EventDate "2013.12.19"]
[EventType "swiss"]
[EventRounds "11"]
[EventCountry "UAE"]
[Source "lmi"]
[SourceDate "2013.12.19"]

1. d4 d5 2. c4 e6 3. Nf3 Nf6 4. e3 Be7 5. Nc3 O-O 6. Bd3 b6 7. O-O Bb7 8. cxd5
exd5 9. Ne5 Nbd7 10. f4 Ne4 11. Nxe4 dxe4 12. Bc4 Nf6 13. Bd2 c5 14. Bc3 Nd5
15. Qe2 f6 16. Ng4 Kh8 17. Rad1 Nxc3 18. bxc3 cxd4 19. cxd4 a6 20. f5 b5 21.
Be6 Bd5 22. Qc2 Bxe6 23. fxe6 Qd5 24. Qb3 Rfd8 25. Nf2 f5 26. Rc1 Qxb3 27. axb3
Rd6 28. Nh3 g6 29. Nf4 Bg5 30. g3 Bxf4 31. gxf4 Rxe6 32. Rc7 a5 33. Rb7 a4 34.
Rxb5 a3 35. Ra1 Rc6 36. Rc5 Rb6 37. Rc3 a2 38. Kf2 Kg7 39. Rc2 Kh6 40. Raxa2
Rxa2 41. Rxa2 Rxb3 42. Re2 Kh5 43. Kg3 h6 44. h4 Rd3 45. Kh3 Rd1 46. Kg3 Rf1
47. Kg2 Rd1 48. Kg3 g5 49. hxg5 hxg5 50. fxg5 Kxg5 51. Rc2 Rd3 52. Kf2 f4 53.
exf4+ Kxf4 54. Rc8 Rd2+ 55. Ke1 Ra2 56. Rc3 e3 57. d5 Kf3 58. Kd1 Kf2 0-1

[Event "Wch Juvenil 2013 sub-18"]
[Site "Al-Ain UAE"]
[Date "2013.12.19"]
[Round "2.40"]
[White "Gstach, Jakob"]
[Black "Muhd, Ahsanuddien Bin Bad"]
[Result "1-0"]
[WhiteElo "2227"]
[BlackElo "1803"]
[PlyCount "68"]
[EventDate "2013.12.19"]
[EventType "swiss"]
[EventRounds "11"]
[EventCountry "UAE"]
[Source "lmi"]
[SourceDate "2013.12.19"]

1. d4 Nf6 2. c4 c5 3. d5 b5 4. cxb5 a6 5. bxa6 g6 6. Nc3 Bxa6 7. Nf3 d6 8. g3
Bg7 9. Bg2 Nbd7 10. Rb1 O-O 11. O-O Qa5 12. Bd2 Rfb8 13. Qc2 Qb4 14. h3 Ne8 15.
Rfc1 Bxc3 16. bxc3 Qc4 17. Rxb8 Rxb8 18. e4 Bb5 19. Bf1 Qa4 20. Bxb5 Qxb5 21.
c4 Qa6 22. a4 f6 23. a5 Nc7 24. Rb1 Ra8 25. h4 Qc8 26. h5 Kf7 27. Kg2 Nb8 28.
hxg6+ hxg6 29. Rh1 Nba6 30. Rh7+ Kg8 31. Rh6 Kg7 32. Nh4 g5 33. e5 Qg8 34. Rg6+
Kf7 1-0

[Event "Wch Juvenil 2013 sub-18"]
[Site "Al-Ain UAE"]
[Date "2013.12.19"]
[Round "2.41"]
[White "Harutyunyan, Axel"]
[Black "Meylan, Andre"]
[Result "0-1"]
[WhiteElo "1811"]
[BlackElo "2193"]
[PlyCount "64"]
[EventDate "2013.12.19"]
[EventType "swiss"]
[EventRounds "11"]
[EventCountry "UAE"]
[Source "lmi"]
[SourceDate "2013.12.19"]

1. e4 Nf6 2. Nc3 d5 3. exd5 Nxd5 4. Nf3 Bg4 5. Bc4 e6 6. d3 Nxc3 7. bxc3 Qf6 8.
Bd2 Nd7 9. d4 Bxf3 10. Qxf3 Qxf3 11. gxf3 Bd6 12. h3 O-O-O 13. Bd3 e5 14. Be3
exd4 15. cxd4 Bb4+ 16. Ke2 Rhe8 17. Rad1 Nf6 18. c4 Nh5 19. Kf1 g6 20. Kg2 f5
21. d5 Kb8 22. Bc2 f4 23. Bd4 Re2 24. Bb3 Ng3 25. Rhg1 Nf5 26. Kf1 Rde8 27. Rg4
Re1+ 28. Rxe1 Rxe1+ 29. Kg2 Nxd4 30. Rxf4 Nxb3 31. axb3 b6 32. Rf7 Re7 0-1

[Event "Wch Juvenil 2013 sub-18"]
[Site "Al-Ain UAE"]
[Date "2013.12.19"]
[Round "2.42"]
[White "Starcevs, Dmitrijs"]
[Black "Murad, Abdulla"]
[Result "1-0"]
[WhiteElo "2178"]
[BlackElo "1738"]
[PlyCount "67"]
[EventDate "2013.12.19"]
[EventType "swiss"]
[EventRounds "11"]
[EventCountry "UAE"]
[Source "lmi"]
[SourceDate "2013.12.19"]

1. e4 c6 2. d4 d5 3. e5 Bf5 4. Nf3 e6 5. Be2 Nd7 6. O-O Ne7 7. Be3 c5 8. dxc5
Nc6 9. Nd4 Nxd4 10. Bxd4 Bxc5 11. Bxc5 Nxc5 12. Bb5+ Nd7 13. c4 a6 14. Bxd7+
Qxd7 15. cxd5 Qxd5 16. Qxd5 exd5 17. Rd1 Bxb1 18. Raxb1 Rd8 19. Rbc1 Ke7 20.
Rc7+ Ke6 21. f4 Rb8 22. Kf2 Rhc8 23. Rdc1 Rd8 24. Ke3 Rd7 25. f5+ Ke7 26. Rxd7+
Kxd7 27. Kd4 Rd8 28. Rc5 Ke8 29. Rc7 b5 30. e6 fxe6 31. fxe6 Rd6 32. Ke5 Rd8
33. Rxg7 d4 34. Kf6 1-0

[Event "Wch Juvenil 2013 sub-18"]
[Site "Al-Ain UAE"]
[Date "2013.12.19"]
[Round "2.44"]
[White "Al Zarooni, Ahmed"]
[Black "El Jawich, Amro"]
[Result "0-1"]
[WhiteElo "1723"]
[BlackElo "2156"]
[PlyCount "64"]
[EventDate "2013.12.19"]
[EventType "swiss"]
[EventRounds "11"]
[EventCountry "UAE"]
[Source "lmi"]
[SourceDate "2013.12.19"]

1. d4 Nf6 2. c4 g6 3. Nc3 Bg7 4. e4 d6 5. Nf3 O-O 6. Be2 e5 7. dxe5 dxe5 8.
Qxd8 Rxd8 9. Bg5 c6 10. O-O Bg4 11. Rad1 Nbd7 12. b4 Bxf3 13. Bxf3 Nf8 14. Rxd8
Rxd8 15. b5 Rd4 16. bxc6 bxc6 17. Rc1 Ne6 18. Be3 Rd7 19. Rb1 Bf8 20. Rb8 Kg7
21. Rc8 Bb4 22. Na4 Nxe4 23. h4 Nf6 24. Rxc6 e4 25. Be2 Nd4 26. Bxd4 Rxd4 27.
Nc5 Rd2 28. Bf1 Rxa2 29. Rc7 Be1 30. f4 Bf2+ 31. Kh2 Ng4+ 32. Kh3 Ra3+ 0-1

[Event "Wch Juvenil 2013 sub-18"]
[Site "Al-Ain UAE"]
[Date "2013.12.19"]
[Round "2.45"]
[White "Savitski, Andrei"]
[Black "Sengupta, Arjun"]
[Result "1-0"]
[WhiteElo "2150"]
[BlackElo "1533"]
[PlyCount "101"]
[EventDate "2013.12.19"]
[EventType "swiss"]
[EventRounds "11"]
[EventCountry "UAE"]
[Source "lmi"]
[SourceDate "2013.12.19"]

1. e4 e5 2. Nf3 Nc6 3. Bc4 Bc5 4. O-O Nf6 5. d3 h6 6. Nc3 O-O 7. h3 d6 8. Na4
Bb6 9. Nh2 Ne7 10. Nxb6 axb6 11. f4 exf4 12. Bxf4 Ng6 13. Bg3 Qe7 14. Bb3 Be6
15. Qf3 Rad8 16. Rae1 Bxb3 17. axb3 Ne5 18. Qf2 Nh7 19. Nf3 Ng5 20. Nd4 Qd7 21.
Bf4 f6 22. Qg3 Kh7 23. Nf5 Ng6 24. Bd2 Ne6 25. Qe3 Ng5 26. h4 Nf7 27. Qg3 Rg8
28. Bc3 Nge5 29. Rf4 Ng6 30. Rf2 Ne7 31. Ne3 Ne5 32. Ref1 Qe6 33. d4 N5g6 34.
h5 Nh8 35. d5 Qd7 36. Ng4 Rdf8 37. Qh3 Qe8 38. Bxf6 gxf6 39. Rxf6 Nf7 40. e5
Nxd5 41. Qd3+ Kh8 42. Qxd5 Nxe5 43. Nxe5 dxe5 44. Rxh6+ Kg7 45. Rg6+ Kh7 46.
Rxg8 Rxg8 47. Qf7+ Kh6 48. Rf6+ Kg5 49. h6 Qa8 50. Rf5+ Kxh6 51. Rh5# 1-0

[Event "Wch Juvenil 2013 sub-18"]
[Site "Al-Ain UAE"]
[Date "2013.12.19"]
[Round "2.46"]
[White "Hu, Ting-Rey"]
[Black "Alarcon Careaga, Gustavo"]
[Result "0-1"]
[WhiteElo "1562"]
[BlackElo "2133"]
[PlyCount "39"]
[EventDate "2013.12.19"]
[EventType "swiss"]
[EventRounds "11"]
[EventCountry "UAE"]
[Source "lmi"]
[SourceDate "2013.12.19"]

1. e4 c5 2. Nf3 e6 3. d4 cxd4 4. Nxd4 a6 5. Nc3 b5 6. Be3 Bb7 7. f3 Qc7 8. Qd2
Nf6 9. Be2 Nc6 10. a3 Na5 11. O-O Be7 12. Nb3 Nc4 13. Bxc4 bxc4 14. Nd4 O-O 15.
Nce2 d5 16. exd5 Nxd5 17. c3 Nxe3 18. Qxe3 e5 19. Kh1 exd4 20. Nxd4 0-1

[Event "Wch Juvenil 2013 sub-18"]
[Site "Al-Ain UAE"]
[Date "2013.12.19"]
[Round "2.48"]
[White "Abdulla, Abdulwahab"]
[Black "Malureanu, Costin-George"]
[Result "1-0"]
[WhiteElo "1838"]
[BlackElo "2116"]
[PlyCount "97"]
[EventDate "2013.12.19"]
[EventType "swiss"]
[EventRounds "11"]
[EventCountry "UAE"]
[Source "lmi"]
[SourceDate "2013.12.19"]

1. e4 c5 2. Nf3 Nc6 3. d4 cxd4 4. Nxd4 Nf6 5. Nc3 d6 6. Bg5 e6 7. Qd2 a6 8.
O-O-O Bd7 9. f4 b5 10. Bxf6 gxf6 11. Kb1 Qb6 12. Nf5 exf5 13. Nd5 Qb7 14. Nxf6+
Kd8 15. exf5 Bxf5 16. g4 Be6 17. Bg2 Kc7 18. Rhe1 Rd8 19. f5 Bc4 20. Re8 Kc8
21. Rde1 Bg7 22. Qxd6 Qc7 23. Rxd8+ Rxd8 24. Qxc7+ Kxc7 25. Ne8+ Rxe8 26. Rxe8
b4 27. g5 Bd4 28. b3 Bb5 29. f6 Ne5 30. Rh8 Be3 31. h4 h6 32. Rxh6 Kd6 33. Rh7
Ke6 34. Be4 Ng4 35. a4 Be8 36. Rh8 Bd7 37. Ra8 Nf2 38. Rxa6+ Ke5 39. Bf3 Kf4
40. Be2 Ne4 41. Bd3 Nc3+ 42. Ka1 Be6 43. g6 Bd4 44. g7 Nd5+ 45. Kb1 Nc3+ 46.
Kc1 Be3+ 47. Kb2 Nd1+ 48. Kb1 Nc3+ 49. Ka1 1-0

[Event "Wch Juvenil 2013 sub-18"]
[Site "Al-Ain UAE"]
[Date "2013.12.19"]
[Round "2.55"]
[White "Saraci, Nderim"]
[Black "Marwizi, Tanaka"]
[Result "1-0"]
[WhiteElo "2047"]
[PlyCount "105"]
[EventDate "2013.12.19"]
[EventType "swiss"]
[EventRounds "11"]
[EventCountry "UAE"]
[Source "lmi"]
[SourceDate "2013.12.19"]
[BlackElo "2264"]

1. e4 e6 2. d4 d5 3. Nd2 dxe4 4. Nxe4 Be7 5. Nf3 Nf6 6. Nxf6+ Bxf6 7. Bd3 Kf8
8. c3 c5 9. dxc5 Nd7 10. Be3 Qc7 11. O-O Nxc5 12. Bc2 b6 13. Nd4 Ba6 14. Qf3
Bb7 15. Qe2 Rd8 16. Rad1 a6 17. f4 b5 18. Nb3 Nxb3 19. Bxb3 Rxd1 20. Rxd1 g6
21. Qf2 Kg7 22. Bb6 Qe7 23. Bc5 Qe8 24. Bd6 h6 25. Be5 Qe7 26. Qb6 Bxe5 27.
fxe5 Rc8 28. Qf2 Qc5 29. Bxe6 fxe6 30. Rd7+ Kg8 31. Rxb7 Qxf2+ 32. Kxf2 Rc5 33.
Rb6 Rxe5 34. Rxa6 Kf7 35. a4 bxa4 36. Rxa4 Rb5 37. b4 Ke7 38. c4 Rb7 39. Ke3
Kd7 40. Kd4 Kc6 41. b5+ Kd7 42. Ra6 Rc7 43. b6 Rc8 44. Ra7+ Kc6 45. Rc7+ Rxc7
46. bxc7 Kxc7 47. Ke5 Kd7 48. c5 g5 49. g4 Kc6 50. Kxe6 Kxc5 51. Kf5 Kd6 52.
Kg6 Ke6 53. Kxh6 1-0

[Event "Wch Juvenil 2013 sub-18"]
[Site "Al-Ain UAE"]
[Date "2013.12.20"]
[Round "3.1"]
[White "Cori, Jorge"]
[Black "Makhmutov, Rail"]
[Result "1/2-1/2"]
[WhiteElo "2609"]
[BlackElo "2396"]
[PlyCount "73"]
[EventDate "2013.12.19"]
[EventType "swiss"]
[EventRounds "11"]
[EventCountry "UAE"]
[Source "lmi"]
[SourceDate "2013.12.19"]

1. c4 e5 2. g3 Nc6 3. Bg2 Nf6 4. Nf3 Bc5 5. Nc3 d6 6. O-O a6 7. e3 O-O 8. d4
exd4 9. exd4 Ba7 10. h3 h6 11. d5 Ne7 12. Re1 Re8 13. Be3 Bxe3 14. Rxe3 Nf5 15.
Rxe8+ Qxe8 16. Qb3 Rb8 17. a4 a5 18. Re1 Qd8 19. Qd1 Bd7 20. Qd2 Ra8 21. b3 Kf8
22. g4 Ne7 23. Nd4 Ng6 24. f4 Kg8 25. Nf3 Nh7 26. f5 Nh4 27. Nxh4 Qxh4 28. Qf2
Qxf2+ 29. Kxf2 Re8 30. Rxe8+ Bxe8 31. Ke3 Nf6 32. Bf3 g5 33. Kd4 b6 34. Bd1 Kf8
35. Ne4 Nxe4 36. Kxe4 Ke7 37. Kf3 1/2-1/2

[Event "Wch Juvenil 2013 sub-18"]
[Site "Al-Ain UAE"]
[Date "2013.12.20"]
[Round "3.2"]
[White "Ebeling, Daniel"]
[Black "Grigoryan, Karen H"]
[Result "1/2-1/2"]
[WhiteElo "2374"]
[BlackElo "2604"]
[PlyCount "102"]
[EventDate "2013.12.19"]
[EventType "swiss"]
[EventRounds "11"]
[EventCountry "UAE"]
[Source "lmi"]
[SourceDate "2013.12.19"]

1. e4 c6 2. d4 d5 3. e5 Bf5 4. Nf3 e6 5. Be2 Bg6 6. O-O Nd7 7. Nbd2 Nh6 8. Nb3
Nf5 9. a4 Be7 10. a5 a6 11. h3 h5 12. c4 h4 13. c5 f6 14. Bf4 fxe5 15. Nxe5
Nxe5 16. Bxe5 Bf6 17. Qd2 Bxe5 18. dxe5 Qc7 19. Qg5 Kf7 20. Qf4 Qe7 21. Ra4
Raf8 22. Rb4 Kg8 23. Qd2 Rf7 24. Bd3 Rh5 25. Re1 Bh7 26. Qe2 Rh6 27. Bxa6 bxa6
28. Qxa6 Qe8 29. Qb6 Qa8 30. a6 Bg6 31. Qb8+ Rf8 32. a7 Rh8 33. Ra1 Kh7 34. Qc7
Rc8 35. Qd7 d4 36. Nd2 Rhd8 37. Qxe6 Rc7 38. Qa2 d3 39. Ne4 d2 40. Nxd2 Rxd2
41. Rb8 Qxa7 42. Qxa7 Rxa7 43. Rxa7 Rd1+ 44. Kh2 Rf1 45. Ra4 Rxf2 46. Re4 Bh5
47. Kg1 Rc2 48. e6 Rc1+ 49. Kf2 Rc2+ 50. Kg1 Rc1+ 51. Kf2 Rc2+ 1/2-1/2

[Event "Wch Juvenil 2013 sub-18"]
[Site "Al-Ain UAE"]
[Date "2013.12.20"]
[Round "3.3"]
[White "Sanzhaev, Darsen"]
[Black "Gabuzyan, Hovhannes"]
[Result "0-1"]
[WhiteElo "2366"]
[BlackElo "2532"]
[PlyCount "112"]
[EventDate "2013.12.19"]
[EventType "swiss"]
[EventRounds "11"]
[EventCountry "UAE"]
[Source "lmi"]
[SourceDate "2013.12.19"]

1. d4 Nf6 2. c4 g6 3. Nc3 Bg7 4. e4 O-O 5. Nf3 c5 6. Be2 d6 7. O-O Bg4 8. d5 e6
9. h3 Bxf3 10. Bxf3 exd5 11. exd5 Nbd7 12. Be3 Re8 13. Qd2 a6 14. Rfe1 Qa5 15.
Bf4 Ne5 16. Bxe5 dxe5 17. Rad1 Rad8 18. Ne4 Qxd2 19. Nxf6+ Bxf6 20. Rxd2 Rd6
21. g4 Bg5 22. Rc2 b6 23. b4 cxb4 24. c5 bxc5 25. Rxc5 Bd2 26. Rd1 Bc3 27. Be4
Red8 28. Kg2 Kf8 29. h4 Bd4 30. Rc7 a5 31. Rdc1 a4 32. R1c4 Rb6 33. R7c6 Rdb8
34. d6 Rxc6 35. Rxc6 b3 36. axb3 axb3 37. Rc7 b2 38. Bb1 Rd8 39. Ba2 Rxd6 40.
Rxf7+ Ke8 41. Rxh7 Rf6 42. Bb1 Rxf2+ 43. Kg3 Re2 44. Bxg6+ Kd8 45. Rb7 e4 46.
Kf4 e3 47. Bd3 Re1 48. Ke4 Rd1 49. Rb4 Bc3 50. Rb8+ Ke7 51. Rb3 e2 52. Bxe2
b1=Q+ 53. Rxb1 Rxb1 54. Kf3 Re1 55. Bd3 Kd6 56. h5 Bd2 0-1